|
|
|
|
| LEADER |
00000nam0a2200000 4500 |
| 001 |
107774 |
| 005 |
20231031115415.0 |
| 010 |
|
|
|a 5902604028
|
| 035 |
|
|
|a (RuTPU)RU\TPU\book\116343
|
| 090 |
|
|
|a 107774
|
| 100 |
|
|
|a 20061228d2004 km y0rusy50 ca
|
| 101 |
0 |
|
|a rus
|
| 102 |
|
|
|a RU
|
| 105 |
|
|
|a a g 001zy
|
| 200 |
1 |
|
|a Краткий курс пожарно-технического минимума
|e справочник
|f С. В. Собурь
|
| 205 |
|
|
|a 2-е изд., доп. (с изменениями)
|
| 210 |
|
|
|a Москва
|c Пожарная книга
|d 2004
|
| 215 |
|
|
|a 304 с.
|c ил.
|
| 225 |
1 |
|
|a Пожарная безопасность предприятия
|
| 320 |
|
|
|a Библиогр.: с. 290-295.
|
| 330 |
|
|
|a Справочник является учебным пособием по проведению пожарно-технического минимума с работниками предприятий различных отраслей промышленности, учреждений и организаций. Содержит методические рекомендации по обучению мерам пожарной безопасности и проведению пожарно-профилактической работы на объекте. Разработан при помощи электронной библиотеки "Автоматизированная информационно-справочная система нормативных документов по пожарной безопасности (Сборник НСИС ПБ)". - М: ВНИИПО, 2004. Для руководителей предприятий всех форм собственности, инженерно-технических работников отделов охраны труда предприятий, специалистов пожарной охраны, слушателей пожарно-технических учебных заведений.
|
| 610 |
1 |
|
|a пожарная безопасность
|
| 610 |
1 |
|
|a пожарная профилактика
|
| 610 |
1 |
|
|a организационные основы
|
| 610 |
1 |
|
|a пожары
|
| 610 |
1 |
|
|a горение
|
| 610 |
1 |
|
|a пожарная опасность
|
| 610 |
1 |
|
|a анализ
|
| 610 |
1 |
|
|a материалы
|
| 610 |
1 |
|
|a конструкции
|
| 610 |
1 |
|
|a здания
|
| 610 |
1 |
|
|a сооружения
|
| 610 |
1 |
|
|a строительные материалы
|
| 610 |
1 |
|
|a эвакуация
|
| 610 |
1 |
|
|a системы отопления
|
| 610 |
1 |
|
|a системы вентиляции
|
| 610 |
1 |
|
|a пожарные требования
|
| 610 |
1 |
|
|a электроустановки
|
| 610 |
1 |
|
|a молниезащита
|
| 610 |
1 |
|
|a статическое электричество
|
| 610 |
1 |
|
|a пожароопасные работы
|
| 610 |
1 |
|
|a противопожарные мероприятия
|
| 610 |
1 |
|
|a строительно-монтажные работы
|
| 610 |
1 |
|
|a склады
|
| 610 |
1 |
|
|a хранение
|
| 610 |
1 |
|
|a средства пожаротушения
|
| 610 |
1 |
|
|a технический минимум
|
| 610 |
1 |
|
|a учебные пособия
|
| 610 |
1 |
|
|a справочники
|
| 675 |
|
|
|a 614.842.8(075)(035)
|v 3
|
| 700 |
|
1 |
|a Собурь
|b С. В.
|g Сергей Викторович
|
| 801 |
|
1 |
|a RU
|b 63413507
|c 20061228
|g PSBO
|
| 801 |
|
2 |
|a RU
|b 63413507
|c 20120601
|g PSBO
|
| 942 |
|
|
|c BK
|
| 959 |
|
|
|a 116/20061226
|d 1
|e 290,00
|f ЧЗТЛ:1
|